[Event "67514 II. Rakosmente Open"]
[Site "Budapest, Hungary"]
[Date "2012.04.15"]
[Round "5.2"]
[White "Safar, Istvan"]
[Black "Yip, Michael"]
[Result "0-1"]
[WhiteElo "1793"]
[BlackElo "2017"]
[PlyCount "108"]
[EventDate "2012.??.??"]

1. d4 d6 2. Nf3 Bg4 3. e3 Nf6 4. h3 Bh5 5. Be2 Nbd7 6. c4 c6 7. Nc3 e5 8. dxe5
dxe5 9. O-O Be7 10. b3 O-O 11. Bb2 Qc7 12. Qc2 Rfe8 13. Rad1 Bf8 14. Nh4 Bxe2
15. Nxe2 a5 16. Ng3 e4 17. Nhf5 g6 18. Nd4 h5 19. Rd2 h4 20. Nge2 Bd6 21. Rfd1
Be5 22. Nc1 Rad8 23. Nde2 Rc8 24. Kh1 Nc5 25. Nd4 Re7 26. Ba3 Nfd7 27. Nde2
Ree8 28. Nc3 f5 29. Bb2 Re7 30. Ba3 Rf7 31. Bb2 Re8 32. a3 Nf6 33. b4 Ncd7 34.
b5 Nc5 35. N3e2 Kg7 36. Bxe5 Rxe5 37. Nb3 Nd3 38. Nec1 Nxc1 39. Qxc1 cxb5 40.
cxb5 Qxc1 41. Rxc1 Rxb5 42. Nd4 Re5 43. Rb2 Rfe7 44. Nb5 Rd7 45. Rcb1 Kf7 46.
Nd4 Ree7 47. Rb5 a4 48. R5b4 Nd5 49. R4b2 b6 50. Nc6 Re6 51. Nd4 Rf6 52. Rc1 f4
53. exf4 Nxf4 54. Rd1 Nd3 0-1

[Event "67514 II. Rakosmente Open"]
[Site "Budapest, Hungary"]
[Date "2012.04.15"]
[Round "5.3"]
[White "Csermely, Zoltan"]
[Black "Mihok, Laszlo"]
[Result "0-1"]
[WhiteElo "1748"]
[BlackElo "2174"]
[PlyCount "40"]
[EventDate "2012.??.??"]

1. d4 d5 2. Nf3 Nf6 3. Bf4 c5 4. e3 Qb6 5. b3 Nc6 6. h3 Bf5 7. dxc5 Qxc5 8. Bd3
Bxd3 9. cxd3 Nb4 10. Kd2 Rc8 11. Ne1 d4 12. e4 e5 13. Bg5 Be7 14. h4 Nxe4+ 15.
dxe4 f6 16. Bh6 gxh6 17. a3 Qa5 18. Qh5+ Kd8 19. axb4 Qxa1 20. Nd3 Qa2+ 0-1

[Event "67514 II. Rakosmente Open"]
[Site "Budapest, Hungary"]
[Date "2012.04.15"]
[Round "5.6"]
[White "Barla, Janos"]
[Black "Ladanyi, Gyula"]
[Result "0-1"]
[WhiteElo "1792"]
[BlackElo "1960"]
[PlyCount "134"]
[EventDate "2012.??.??"]

1. e4 e5 2. d4 exd4 3. Nf3 Nc6 4. c3 dxc3 5. Bc4 cxb2 6. Bxb2 Nf6 7. Ng5 d5 8.
exd5 Bb4+ 9. Nc3 Qe7+ 10. Kd2 Nxd5 11. Re1 Ne5 12. Bxd5 Qxg5+ 13. Re3 Be6 14.
Bxe6 Rd8+ 15. Ke2 Rxd1 16. Bxf7+ Kxf7 17. Rxd1 Qg4+ 18. Ke1 Re8 19. Rd5 Qf5 20.
Kf1 Bd6 21. Rf3 Qxf3 22. gxf3 Ke6 23. Kg2 Rf8 24. Rb5 b6 25. Ne4 h6 26. Rb3 Rf7
27. a4 a5 28. Bc1 Nc6 29. Be3 Nb4 30. Bd2 Nd5 31. Bc1 Be5 32. Bd2 Rd7 33. Be1
Nb4 34. Bd2 Nc2 35. Rb5 Nd4 36. Rb1 Rf7 37. Be3 Nxf3 38. Bxb6 cxb6 39. Rxb6+
Kd5 40. Ng3 Bc7 41. Rb7 Kc6 42. Rb5 Nd4 43. Rb1 Bb6 44. Rc1+ Kb7 45. Rb1 Nc6
46. Ne4 Rf4 47. f3 Nb4 48. Rd1 Kc6 49. Rd6+ Kc7 50. Rd1 Rf7 51. Rc1+ Nc6 52.
Nc3 Kb7 53. Rb1 Nb4 54. Ne4 Kc6 55. Rc1+ Kd5 56. Rd1+ Ke5 57. Rd2 Kf4 58. Rd6
Ba7 59. Rd2 Ke3 60. Rf2 Nd3 61. Rf1 Nf4+ 62. Kg3 Bb8 63. Kg4 h5+ 64. Kh4 Ng2+
65. Kh3 Rxf3+ 66. Rxf3+ Kxf3 67. Nd2+ Kf2 0-1

[Event "67514 II. Rakosmente Open"]
[Site "Budapest, Hungary"]
[Date "2012.04.15"]
[Round "5.8"]
[White "Szoukup, Istvan"]
[Black "Somogyi, Kristof"]
[Result "1-0"]
[WhiteElo "1739"]
[BlackElo "1323"]
[PlyCount "53"]
[EventDate "2012.??.??"]

1. e4 e5 2. Nf3 Nc6 3. Bb5 Nf6 4. O-O Bc5 5. Bxc6 dxc6 6. Nxe5 Nxe4 7. Qe2 Bf5
8. d3 Bxf2+ 9. Rxf2 Nxf2 10. Nxc6+ Be6 11. Nxd8 Rxd8 12. Kxf2 O-O 13. Nc3 Rfe8
14. Be3 b6 15. Re1 Rd7 16. Qf3 Rb8 17. Ne4 Bd5 18. Qf5 Rbd8 19. Ng5 g6 20. Qf6
Rd6 21. Qc3 Rc6 22. Qd2 Rf6+ 23. Nf3 Bxa2 24. Bg5 Rxf3+ 25. gxf3 Rd5 26. Bf6
Rh5 27. Re8# 1-0

[Event "67514 II. Rakosmente Open"]
[Site "Budapest, Hungary"]
[Date "2012.04.15"]
[Round "5.9"]
[White "Somogyi, Akos"]
[Black "Indig, Akos"]
[Result "0-1"]
[WhiteElo "1289"]
[BlackElo "1360"]
[PlyCount "44"]
[EventDate "2012.??.??"]

1. e4 e5 2. Nf3 Nc6 3. Bb5 a6 4. Bxc6 dxc6 5. Nxe5 Bd6 6. Nf3 Bg4 7. O-O Qf6 8.
d4 O-O-O 9. Bg5 Qxg5 10. Nxg5 Bxd1 11. Rxd1 Nh6 12. Nc3 Bf4 13. Nf3 f6 14. g3
Bd6 15. d5 c5 16. Nh4 g5 17. Ng2 Nf7 18. f4 h5 19. h4 Rhg8 20. Kf2 gxf4 21.
Nxf4 Bxf4 22. gxf4 Rg4 0-1

[Event "67514 II. Rakosmente Open"]
[Site "Budapest, Hungary"]
[Date "2012.04.15"]
[Round "6.1"]
[White "Yip, Michael"]
[Black "Mihok, Laszlo"]
[Result "0-1"]
[WhiteElo "2017"]
[BlackElo "2174"]
[PlyCount "53"]
[EventDate "2012.??.??"]

1. d4 d5 2. c4 c6 3. Nf3 Nf6 4. Nc3 dxc4 5. a4 Bf5 6. Ne5 Nbd7 7. Nxc4 Nb6 8.
Ne5 a5 9. f3 e6 10. e4 Bg6 11. Be3 Bb4 12. Be2 O-O 13. O-O Nfd7 14. Nxg6 hxg6
15. Qb3 c5 16. Rfd1 Qe7 17. Rac1 Rfc8 18. Nb5 cxd4 19. Bxd4 Nc5 20. Bxc5 Rxc5
21. Kh1 Rac8 22. Rxc5 Qxc5 23. f4 Qc2 24. Qf3 Qxb2 25. e5 Nd5 26. Bd3 Rc1 27.
g3 0-1

[Event "67514 II. Rakosmente Open"]
[Site "Budapest, Hungary"]
[Date "2012.04.15"]
[Round "6.2"]
[White "Sulcz, Istvan"]
[Black "Szepes, Tamas"]
[Result "0-1"]
[WhiteElo "1922"]
[BlackElo "2194"]
[PlyCount "54"]
[EventDate "2012.??.??"]

1. d4 d5 2. Nf3 Nf6 3. c4 e6 4. g3 Be7 5. Bg2 O-O 6. O-O dxc4 7. Ne5 Nc6 8.
Bxc6 bxc6 9. Nxc6 Qe8 10. Nxe7+ Qxe7 11. Qa4 Qd6 12. Qxc4 Ba6 13. Qc2 Qxd4 14.
Nc3 Qg4 15. f3 Qd4+ 16. Kg2 Rfd8 17. Rd1 Qc5 18. b4 Qc4 19. Rxd8+ Rxd8 20. Bg5
Nd5 21. Rd1 Rc8 22. b5 Qxc3 23. Qa4 Bb7 24. Qxa7 Ba8 25. e4 Qe5 26. exd5 Qe2+
27. Kh3 Qxd1 0-1

[Event "67514 II. Rakosmente Open"]
[Site "Budapest, Hungary"]
[Date "2012.04.15"]
[Round "6.3"]
[White "Szurkos, Andras"]
[Black "Palla, Akos Botond"]
[Result "0-1"]
[WhiteElo "1800"]
[BlackElo "1957"]
[PlyCount "66"]
[EventDate "2012.??.??"]

1. f4 d5 2. Nf3 c5 3. g3 Nc6 4. Bg2 g6 5. c3 Bg7 6. d3 Nf6 7. O-O O-O 8. Nbd2
Ng4 9. Nb3 d4 10. c4 Qb6 11. e4 dxe3 12. Qe2 Nd4 13. Nfxd4 cxd4 14. Rb1 Nf2 15.
Na1 Bf5 16. Rxf2 exf2+ 17. Kxf2 Rac8 18. g4 Bd7 19. b3 Qe6 20. Bf3 Qxe2+ 21.
Kxe2 Bc6 22. Ba3 Rfe8 23. Nc2 e5 24. f5 e4 25. dxe4 Bxe4 26. Bxe4 Rxe4+ 27. Kf3
Rce8 28. Rd1 Re2 29. Nxd4 R8e3+ 30. Kf4 Be5+ 31. Kg5 h6+ 32. Kxh6 Bf4+ 33. g5
Rh3# 0-1

[Event "67514 II. Rakosmente Open"]
[Site "Budapest, Hungary"]
[Date "2012.04.15"]
[Round "6.4"]
[White "Zalai, Mihaly"]
[Black "Csermely, Zoltan"]
[Result "1-0"]
[WhiteElo "2162"]
[BlackElo "1748"]
[PlyCount "81"]
[EventDate "2012.??.??"]

1. d4 Nf6 2. Bg5 e6 3. c4 d5 4. e3 Be7 5. Nc3 O-O 6. Nf3 Nc6 7. Bxf6 Bxf6 8.
Bd3 dxc4 9. Bxc4 e5 10. d5 Ne7 11. O-O Bg4 12. h3 Bf5 13. g4 e4 14. gxf5 exf3
15. Qxf3 Bxc3 16. bxc3 Qd6 17. e4 Qe5 18. Rab1 b6 19. Rfe1 Rad8 20. Qg3 Qxg3+
21. fxg3 Rd6 22. g4 Rh6 23. Kg2 Rd8 24. Rbd1 Kf8 25. e5 g5 26. Rd3 Rh4 27. Red1
Nxf5 28. Rf3 Ne3+ 29. Rxe3 h5 30. Be2 hxg4 31. Bxg4 Kg7 32. c4 Rh6 33. Rf1 c6
34. d6 b5 35. cxb5 cxb5 36. Ref3 f6 37. Rxf6 Rxf6 38. Rxf6 a5 39. d7 b4 40. Rf1
a4 41. e6 1-0

[Event "67514 II. Rakosmente Open"]
[Site "Budapest, Hungary"]
[Date "2012.04.15"]
[Round "6.6"]
[White "Szoukup, Istvan"]
[Black "Safar, Istvan"]
[Result "1-0"]
[WhiteElo "1739"]
[BlackElo "1793"]
[PlyCount "93"]
[EventDate "2012.??.??"]

1. e4 e5 2. Nf3 d6 3. Bc4 h6 4. d4 exd4 5. Nxd4 Nf6 6. Nc3 g6 7. O-O Bg7 8. f4
O-O 9. f5 Kh7 10. Be3 c6 11. a4 Nbd7 12. fxg6+ fxg6 13. Ne6 Qe7 14. Nxf8+ Nxf8
15. Qd3 Be6 16. Bxe6 Nxe6 17. Rad1 Ng4 18. Qxd6 Qxd6 19. Rxd6 Nxe3 20. Rf3 Ng4
21. Rxe6 Bd4+ 22. Kh1 Nf2+ 23. Rxf2 Bxf2 24. Re7+ Kg8 25. Rxb7 Rf8 26. g3 Bb6
27. e5 Rf1+ 28. Kg2 Re1 29. Re7 Kf8 30. Re6 Kf7 31. Rf6+ Kg7 32. Rxc6 Rxe5 33.
Nb5 g5 34. Nxa7 Re2+ 35. Kf1 Rf2+ 36. Ke1 Be3 37. Rc7+ Kg6 38. Re7 Bc5 39. Rc7
Rxc2 40. Kd1 Rc4 41. b3 Rd4+ 42. Kc2 Bb4 43. Nc6 Rd2+ 44. Kc1 Bd6 45. Kxd2 Bxc7
46. a5 Kf7 47. a6 1-0

[Event "67514 II. Rakosmente Open"]
[Site "Budapest, Hungary"]
[Date "2012.04.15"]
[Round "6.7"]
[White "Kun, Sandor"]
[Black "Czimer, Jozsef"]
[Result "1/2-1/2"]
[WhiteElo "2071"]
[BlackElo "1767"]
[PlyCount "41"]
[EventDate "2012.??.??"]

1. e4 c5 2. Nf3 d6 3. d4 cxd4 4. Nxd4 Nf6 5. Nc3 a6 6. Be2 b5 7. Bf3 e5 8. Nb3
Bb7 9. a3 Nbd7 10. Be3 Rc8 11. O-O Be7 12. Qd2 Qc7 13. Rac1 O-O 14. Rfd1 Nc5
15. Nxc5 dxc5 16. Nd5 Bxd5 17. exd5 Bd6 18. g3 c4 19. c3 Nd7 20. Bg2 Nc5 21.
Bxc5 1/2-1/2

[Event "67514 II. Rakosmente Open"]
[Site "Budapest, Hungary"]
[Date "2012.04.15"]
[Round "6.8"]
[White "Somogyi, Akos"]
[Black "Barla, Janos"]
[Result "0-1"]
[WhiteElo "1289"]
[BlackElo "1792"]
[PlyCount "48"]
[EventDate "2012.??.??"]

1. e4 d6 2. d4 Nf6 3. Nc3 c6 4. Nf3 Qc7 5. e5 Nfd7 6. exd6 exd6 7. Be2 Be7 8.
O-O O-O 9. Re1 Nb6 10. Ng5 h6 11. Nh3 N8d7 12. Bh5 Nf6 13. Bxh6 gxh6 14. Qd2
Nxh5 15. Qxh6 Ng7 16. Re3 f5 17. Rg3 Bd8 18. Nf4 Rf6 19. Ng6 Rxg6 20. Qxg6 Qf7
21. Re1 Qxg6 22. Rxg6 Kf7 23. Rxd6 Bc7 24. Rxc6 bxc6 0-1

[Event "67514 II. Rakosmente Open"]
[Site "Budapest, Hungary"]
[Date "2012.04.15"]
[Round "6.10"]
[White "Indig, Akos"]
[Black "Somogyi, Kristof"]
[Result "1-0"]
[WhiteElo "1360"]
[BlackElo "1323"]
[PlyCount "37"]
[EventDate "2012.??.??"]

1. e4 e5 2. Nf3 Nc6 3. d4 Bd6 4. Nc3 Nf6 5. Bg5 O-O 6. Nd5 Be7 7. Nxe7+ Qxe7 8.
d5 Nb8 9. Nh4 h6 10. Nf5 Qd8 11. Bh4 c6 12. d6 c5 13. Ne7+ Kh8 14. Bxf6 gxf6
15. Qh5 Kh7 16. Nf5 Qa5+ 17. c3 Kg8 18. Qg4+ Kh8 19. Qg7# 1-0